|
|
|
|
| LEADER |
00000nab a2200000 a 4500 |
| 001 |
vtls001489160 |
| 003 |
SK-MaSNL |
| 005 |
20260303075458.0 |
| 008 |
140303c2004 xo wrzp 0 0slo |
| 015 |
|
|
|a SNBRB2005/01
|2 snkbucl
|
| 040 |
|
|
|a SNKNBUCL
|b slo
|c SNKBUCL
|e AACR2
|
| 041 |
0 |
|
|a slo
|
| 044 |
|
|
|a xo
|c SK
|
| 080 |
|
|
|a 614.27:061.5
|x (437.6)
|2 1997
|
| 080 |
|
|
|a 339.178:614.27
|x (437.6)
|2 1997
|
| 100 |
0 |
|
|a (mi)
|4 aut
|9 839726
|
| 245 |
1 |
0 |
|a Na trhu začal fungovať PHOENIX Zdravotnícke zásobovanie, a. s.
|c [autor] (mi)
|
| 610 |
2 |
7 |
|a PHOENIX Zdravotnícke zásobovanie (Slovensko)
|2 snkbucl
|9 1062467
|
| 650 |
0 |
7 |
|a farmaceutické distribučné spoločnosti
|2 snkbucl
|9 1080029
|
| 773 |
0 |
|
|t Zdravotnícke noviny
|g Roč. IX, č. 36 (2004) , s. 3
|x 1335-4477
|
| 852 |
|
|
|a SNK
|b KIS3GCP
|
| 958 |
|
|
|a MI
|
| 999 |
|
|
|c 1775977
|d 1777907
|